| 000 | 00706nam a22002057a 4500 | ||
|---|---|---|---|
| 999 |
_c2893 _d2893 |
||
| 003 | AR-CdUCM | ||
| 008 | 190305b ||||| |||| 00| 0 spa d | ||
| 040 |
_aMUNICIPALIDAD PROVINCIAL DEL CUSCO _cBIBLIOTECA MUNICIPAL DEL CUSCO |
||
| 082 |
_a373.22 / _bC81 |
||
| 100 |
_aComas, Margarita _94747 |
||
| 245 | _aEl Método Mackinder / | ||
| 260 |
_aBuenos Aires : _bLosada, _c1945. |
||
| 300 |
_a121 páginas ; _c19 cm. |
||
| 440 |
_aLa nueva educación. _n6 _99971 |
||
| 505 | _aContenido: Carcteres generales -- Lenguaje -- Aritmética -- Registros -- Crítica -- Aplicación a nuestras escuelas. | ||
| 650 |
_aMackinder-método. _99972 |
||
| 650 |
_aEducación _9460 |
||
| 942 |
_2ddc _cLIBROS |
||
| 945 | _azta | ||